000 00593nam a22001695i 4500
001 167974
003 ES-MaACL
005 20251005063132.0
008 010820s1848 fr |||| | fre d
040 _aCCPB | B
_bspa
_cCCPB | B
100 1 _aWolowski, Louis,
_d1810-1876
_9154526
245 1 0 _aÉtudes d'économie politique et de statistique /
_cpar L. Wolowski.
260 _aParis :
_bchez Guillaumin et Cie,
_c1848 (
_eBatignolles) :
_fimprimerie de Hennuyer et Ce)
300 _aLVII, 423 p. ;
_c22 cm.
852 _aES-MaACL
_jC-3006
_z-- Enc. hol.
999 _c167974
_d167974